MARC

Tag First Indicator Second Indicator Subfields
LEADER 00000cas a2200000 a 4500
001 in00001702829
005 20211129153829.0
006 m o d f
007 cr |||||||||||
008 020826d19uu2005dcuar sos f0 a0eng c
010 |a  2002230666 
019 |a 1091230038  |a 1098824354 
022 0 |a 1943-6815  |l 1943-6815  |2 1 
035 |a (OCoLC)ocm50480070 
037 |b Washington Headquarters Services, 1155 Defense Pentagon, Washington, DC 20301-1155 
042 |a pcc  |a nsdp 
043 |a n-us--- 
040 |a GPO  |b eng  |e pn  |c GPO  |d OCLCQ  |d GPO  |d OCLCQ  |d NSD  |d OCLCQ  |d OCLCO  |d OCLCA  |d OCLCF  |d OCLCO  |d OCLCQ  |d GILDS  |d OCLCO  |d OCLCE  |d GPO  |d MvI 
049 |a WWW 
050 4 |a UA17.5.U5  |b U5414a 
050 1 4 |a ISSN RECORD 
074 |a 0310-E-09 (online) 
086 0 |a D 1.61/4: 
130 0 |a Selected manpower statistics (Online) 
222 0 |a Selected manpower statistics  |b (Online) 
245 1 0 |a Selected manpower statistics. 
246 1 |i Also known as:  |a Department of Defense selected manpower statistics 
246 1 |i Also known as:  |a M01 
260 |a [Washington, DC] :  |b Dept. of Defense, Washington Headquarters Services, Directorate for Information Operations and Reports 
300 |a 1 online resource (volumes) :  |b illustrations 
310 |a Annual 
336 |a text  |b txt  |2 rdacontent 
337 |a computer  |b c  |2 rdamedia 
338 |a online resource  |b cr  |2 rdacarrier 
362 1 |a Ceased with Fiscal year 2005? 
500 |a "DIOR/M01-[number]"--Issues for Fiscal year 1985-Fiscal year 1997. 
530 |a Some v. distributed to depository libraries on microfiche. 
588 |a Description based on: Fiscal year 1995; title from title screen (viewed Aug. 16, 2002). 
588 |a Latest issue consulted: Fiscal year 2005 (viewed publishers website Oct. 31, 2008). 
515 |a Reports for <-Mar. 1979> cover fiscal years <-1978>; issues often called fiscal year. 
550 |a Volumes for 19 -1969 issued by: the Directorate for Statistical Services; 1970-1974 by: the Directorate for Information Operations; 1975-1976 by: the Directorate for Information Operations and Control; 1977 by: the Directorate for Management Information, Operations, and Control; 1978- by: the Directorate for Information Operations and Reports. 
580 |a Continues the print and microfiche publications of the title. 
580 |a Issues for <Fiscal year 1986>-<Fiscal year 1997> contain some tables and charts from the title: Reserve manpower statistics; similar tables and charts of reserve statistics are included in the title: Selected manpower statistics, for the years before and after publication of the standalone title: Reserve manpower statistics. 
610 1 0 |a United States.  |b Department of Defense  |v Statistics  |v Periodicals. 
650 0 |a Manpower  |z United States  |v Statistics  |v Periodicals. 
610 1 7 |a United States.  |b Department of Defense.  |2 fast  |0 (OCoLC)fst01852447 
650 7 |a Manpower.  |2 fast  |0 (OCoLC)fst01007872 
651 7 |a United States.  |2 fast  |0 (OCoLC)fst01204155 
655 7 |a Periodicals.  |2 fast  |0 (OCoLC)fst01411641 
655 7 |a Statistics.  |2 fast  |0 (OCoLC)fst01423727 
655 7 |a Statistics.  |2 lcgft 
710 1 |a United States.  |b Department of Defense.  |b Washington Headquarters Services.  |b Directorate for Information Operations and Reports. 
710 1 |a United States.  |b Department of Defense.  |b Directorate for Statistical Services. 
710 1 |a United States.  |b Assistant Secretary of Defense (Comptroller).  |b Directorate for Information Operations. 
710 1 |a United States.  |b Assistant Secretary of Defense (Comptroller).  |b Directorate for Information Operations and Control. 
710 1 |a United States.  |b Assistant Secretary of Defense (Comptroller).  |b Directorate for Management Information, Operations, and Control. 
776 0 8 |i Print version, -1997:  |t Selected manpower statistics  |x 0501-9427  |w (DLC) 79643536  |w (OCoLC)5161731 
776 0 8 |i Microfiche version, -1997:  |t Selected manpower statistics  |w (DLC)sn 87017023  |w (OCoLC)11332953 
787 0 |a United States. Department of Defense.  |t Reserve manpower statistics  |w (DLC) 2020230963  |w (OCoLC)301689356 
856 4 0 |3 Archived issues  |u https://purl.fdlp.gov/GPO/LPS21738  |t 0 
999 f f |s 17214786-20de-3f5a-9435-6ce7bacddba5  |i fbaf79b7-61c2-3a45-8b77-40e5e56c700a  |t 0 
952 f f |a Texas A&M University  |b College Station  |c Electronic Resources  |d Available Online  |t 0  |e D 1.61/4:  |h Superintendent of Documents classification 
998 f f |a D 1.61/4:  |t 0  |l Available Online